Золотое сечение. Седьмая скрижаль завета (Запис № 461077)

МАРК-запис
000 -Лідер
fixed length control field 02996 a2200241 4500
003 - Ідентифікатор контрольного номера
control field UA-OsUOA
005 - Дата та час останнього входження (трансакції)
control field 20200904160214.0
008 - Елементи даних фіксованої довжини – загальна інформація
fixed length control field 200818b un ||||| |||| 00| 0 rus d
020 ## - Міжнародний стандартний книжковий номер (ISBN)
Міжнародний стандартний книжковий номер (ISBN) (НП) 5765440045
040 ## - Джерело каталогізації
Агенція оригінальної каталогізації UA-OsUOA
Мова каталогізації ukr
Агенція, яка здійснювала перезапис UA-OsUOA
Агенція, яка здійснювала модифікацію UA-OsUOA
041 ## - Код мови
Код мови тексту/ звукової доріжки чи окремого заголовка (П) rus
080 ## - Індекс Універсальної десяткової класифікації
Індекс Універсальної десяткової класифікації (УДК) (НП) 821.161.1(72)
090 ## - Локальний шифр розміщення
Класифікаційний індекс УДК 821.161.1(72)
Авторський знак (НП) К 88
100 ## - Основне введення – ім’я особи
Ім’я особи (НП) Куатьэ А.
245 ## - Відомості про назву
Назва (НП) Золотое сечение. Седьмая скрижаль завета
Решта назви (НП) роман
Дані про відповідальність (НП) Анхель де Куатьэ
Номер частини/ розділу роботи (П) Кн. 8
260 ## - Публікація, розповсюдження і т.п. (Вихідні дані)
Ім’я/ наймення видавництва, розповсюджувача і т.п. (П) Нева
Дата публікації, розповсюдження і т.п. (П) 2004
Місце публікації, розповсюдження і т.п. (П) СПб.
300 ## - Фізичний опис
Обсяг 192 с.
520 ## - Резюме і т.п.
Резюме, реферат, анотація, тощо (НП) Седьмая Скрижаль найдена! Что такое "золотое сечение"?.. Что это за идеальное, божественное сочетание? Может быть, это закон красоты? Или все-таки он - мистическая тайна? Научный феномен или этический принцип? Захватывающая интрига новой книги Анхеля де Куатьэ таит огромную метафизическую силу, которая открывается только теперь. "Золотое сечение" похоже на дешифровочный ключ. Оно заставляет нас задуматься и переосмыслить прочитанное. "Целое есть нечто большее, нежели простая совокупность его частей". Мы в самом начале пути. Нам нужна истина, которая смогла бы объединить нас. Истина, высказанная на языке, понятном сердцу. Истина, которая могла бы переходить из уст в уста, от души к душе без искажений и кривотолков. Пока же все это только мечта. Сделаем ли мы эту мечту явью? Зависит от того, сможем ли мы изменить свое сознание. Какова теперь судьба Анхеля и Данилы? Что с ними произошло? В чьих руках они оказались? "Сознание, в принципе, может узнать все части истины, но именно части. Оно не способно объединить их в единство истины. И поэтому истина, преломленная сознанием, всегда разрезанная, мертвая. Сознание приближается к истине, но не в силах удержать ее".
650 ## - Додаткове предметне введення – тематичний термін
Джерело заголовка чи терміна UDC
Тематичний термін чи географічна назва, як елемент введення (НП) 821 Художня література окремими мовами і мовними сім'ями
942 ## - Додаткові елементи входу (Коха)
Тип елемента Koha Книги
Source of classification or shelving scheme Universal Decimal Classification
955 ## - Код типу видання за змістом
Код типу видання за змістом (НП) Літературно-художні видання
Фонди
Стан вилучень Стан втрат Джерело класифікації або схеми стелажів Стан уражень Не для кредиту Код колекції Постійне місце розташування Поточне розміщення Дата придбання Джерело придбання Вартість, звичайна ціна покупки Усього замовленно Повний номер виклику Штрих-код Дата останнього перегляду Вартість, ціна заміни Ціна ефективна від Тип елемента Koha
    Universal Decimal Classification     Колекція Жулинського М.Г. ЧЗ - Читальна зала ЧЗ - Читальна зала 18/08/2020 №13/24.06.20 25.00   821.161.1(72) К 88 162710 24/12/2021 25.00 18/08/2020 Книги